000 01060nam a2200277Ia 4500
003 OSt
005 20221005104015.0
006 a|||||r|||| 00| 0
007 ta
008 221004b |||||||| |||| 00| 0 hin d
020 _a8179170675 (hbk)
_c350
024 _a101611
037 _b378, 04/03/2010, Swaraj Prakashan
_cTextual
040 _aCRL
_cCRL
_bhin
041 _2hin
_ahin
082 _aQ22v, 152L6;P5
100 _aजायसवाल, सुवीरा
245 0 _aवैष्णव धर्म का उद्भव और विकास
246 _aVaiṣhṇav dharma kā udbhav aur vikāsa
250 _aतीसरा संस्करण
260 _aदिल्ली
_bग्रंथ शिल्पी भारत
_c2005
300 _a292पृ0
_ccm.
490 _aभारतीय इतिहास के गौरव ग्रंथ
942 _hQ22v, 152L6;P5
_cTEXL
_2cc
999 _c1011480
_d1011480